Statistics for Rust keywords

Click here to take the quiz!

General Stats

  • This quiz has been taken 124 times
  • The average score is 24 of 38

Answer Stats

Answer% Correct
for
96%
if
90%
fn
88%
as
84%
in
84%
let
84%
while
84%
struct
80%
else
76%
use
76%
mut
70%
enum
68%
const
64%
false
64%
impl
64%
loop
64%
match
64%
return
64%
true
64%
async
62%
pub
62%
trait
60%
break
58%
mod
58%
continue
56%
where
56%
crate
52%
type
50%
await
48%
Self
48%
self
48%
static
48%
extern
44%
move
42%
unsafe
42%
ref
40%
super
38%
dyn
36%

Score Distribution

Percentile by Number Answered

Percent of People with Each Score

Your Score History

You have not taken this quiz